000 00703nam a2200217 i 4500
001 70453
003 ES-MaACL
007 t|
008 040726s1982 sp ||||1| spa d
020 _a84-359-0299-4
100 1 _aGarcía de la Torre, Moisés.
_954456
245 1 3 _aLa poesía en la Edad Media
_b: épica y clerecía /
_cMoisés García de Torre.
260 _a[Madrid] :
_bPlayor,
_c1982.
300 _a132 p. ;
_c21 cm.
490 1 _aLectura crítica de la literatura española ;
_v2
500 _aIndice.
504 _aBibliografía: p. 123-132.
830 0 _aLectura crítica de la literatura española ;
_v2
_9181039
852 _aES-MaACL
_jL-8236
_bR.108854
999 _c70453
_d70453